000 00476nam a2200181Ia 4500
001 22773
005 20260414150853.0
008 260414t2013||||xx |||||||||||||| ||spa||
041 _aESP
082 _a621.8
_bN82 2013
100 _aNorton, Robert L.
_eAUT
245 0 _aDiseño de maquinaria :
_bsíntesis y análisis de máquinas y mecanismos
260 _c2013
300 _axx, 601 páginas :
_c27 cm.
650 _aTCA
654 _aCET
942 _cLIB
_dJUS
_fJUS
_2ddc
_n
999 _c22773
_d22773